La supresión de la figura del pronto despacho en la reconfiguración del silencio administrativo en la Ley Nacional de Procedimiento Administrativo / (Registro nro. 6314)
[ vista simple ]
| 000 -LEADER | |
|---|---|
| fixed length control field | 01359nabaa22002177a 4500 |
| 003 - CONTROL NUMBER IDENTIFIER | |
| control field | OSt |
| 005 - DATE AND TIME OF LATEST TRANSACTION | |
| control field | 20260130190337.0 |
| 008 - FIXED-LENGTH DATA ELEMENTS--GENERAL INFORMATION | |
| fixed length control field | 190701b xxu||||| |||| 00| 0 spa d |
| 040 ## - CATALOGING SOURCE | |
| Transcribing agency | PJ |
| 100 ## - MAIN ENTRY--PERSONAL NAME | |
| 9 (RLIN) | 6989 |
| Personal name | Grandal, Marcos |
| 245 13 - TITLE STATEMENT | |
| Title | La supresión de la figura del pronto despacho en la reconfiguración del silencio administrativo en la Ley Nacional de Procedimiento Administrativo / |
| Statement of responsibility, etc | Marcos Grandal, Camila Kusnier. |
| 300 ## - PHYSICAL DESCRIPTION | |
| Extent | p. 51-59 |
| 500 ## - GENERAL NOTE | |
| General note | Cita: TR LALEY AR/DOC/2041/2025 |
| 505 ## - FORMATTED CONTENTS NOTE | |
| Formatted contents note | Sumario: I. Introducción.— II. La figura del pronto despacho y el instituto del silencio negativo previo a su modificación por la ley 27.742.— III. Las modificaciones introducidas a la figura del pronto despacho y el instituto del silencio negativo por la ley 27.742. Incorporación del silencio positivo.— IV. Consideraciones sobre el nuevo paradigma del instituto del pronto despacho en el reclamo administrativo previo.— V. Reflexiones finales. |
| 505 ## - FORMATTED CONTENTS NOTE | |
| Title | ¿Te interesa el texto completo? Comunicate al correo: koha@justierradelfuego.gov.ar |
| 650 #0 - SUBJECT ADDED ENTRY--TOPICAL TERM | |
| 9 (RLIN) | 211 |
| Topical term or geographic name as entry element | DERECHO ADMINISTRATIVO |
| 650 #0 - SUBJECT ADDED ENTRY--TOPICAL TERM | |
| 9 (RLIN) | 3532 |
| Topical term or geographic name as entry element | SILENCIO DE LA ADMINISTRACIÓN |
| 700 ## - ADDED ENTRY--PERSONAL NAME | |
| 9 (RLIN) | 6992 |
| Personal name | Kusnier, Camila |
| 773 0# - HOST ITEM ENTRY | |
| Host Biblionumber | 2842 |
| Host Itemnumber | 3251 |
| Place, publisher, and date of publication | Buenos Aires : AbeledoPerrot, 2012- |
| Other item identifier | DA121 |
| Title | Derecho administrativo. Nº 161 septiembre/octubre 2025 |
| International Standard Book Number | 18510590 |
| 942 ## - ADDED ENTRY ELEMENTS (KOHA) | |
| Source of classification or shelving scheme | |
| Koha item type | Analítica Artículo de Revista |
No hay ítems disponibles.
